01149nam a2200265Ia 450000100060000000300090000600800410001504000130005604000130006904100130008210000110009510000290010624500950013524500940023025000110032426000140033526000190034926000490036830000570041750003050047465000250077965000310080470000190083570000290085488738IT-RoPAU130308s9999 xx 000 0 und d aIT-RoPAU cIT-RoPAU aFRANCESE aAA.VV. gCodice Aut. SPICS: 12000 aHistoire des idees linguistique s-1-La naissance des metalangages en orient et en occident bHistoire des idees Linguistiques-1-La Naissance des Metalangages En Orient et En Occident a1a ed. aBRUXELLES bMardaga Pierre c1989 [1° Ed.:1989 - Ed.Ling.Originale:1989] a"512 p. (prefazione: no ; testo: 512 [pagine: 0-0])" aStoria delle Idee Linguiastiche Nascita dei metalinguaggi in Oriente e Occidente Mito Coscienza e Sapere Linguistico ruolo della Scrittura Nascita della Riflessione Linguistica Occidentale Tradizione Araba e Indiana Estremo Oriente terminologie Metalinguistiche Bibliografia contributi di Autori Vari aSAGGI DI LINGUISTICA eCodice materia Spics: 3207 aAuroux Sylvain gCodice Aut. SPICS: 21910